|
|
|
|
| LEADER |
00000nam a22000007a 4500 |
| 005 |
20221013213525.0 |
| 007 |
cr|||| |||| |
| 008 |
221013s2021 co |||||s|||| 00||0 spa d |
| 020 |
|
|
|a 978-958-798-106-3
|
| 035 |
|
|
|a 37400
|
| 040 |
|
|
|a vLex
|
| 090 |
|
|
|c 14025
|d 14025
|
| 100 |
1 |
|
|a Iturralde, Manuel
|
| 245 |
1 |
0 |
|a Cr̀cel, derecho y sociedad
|h [Recurso electrn̤ico] /
|c Manuel Iturralde, Libardo Jos ̌Ariza Higuera, Fernando Len̤ Tamayo Arboleda
|
| 256 |
|
|
|a Servicio en ln̕ea
|
| 260 |
|
|
|a Bogot:̀
|b Universidad de Los Andes (Colombia),
|c 2021
|
| 300 |
|
|
|a 1 recurso electrn̤ico
|
| 506 |
1 |
|
|a Disponible solo en los productos indicados
|d vLex Global
|d vLex Global (Academic Edition, excluding Law Schools)
|d vLex Global (U.S. Academic Edition, Law Schools)
|d vLex Global (U.S. Academic Edition, excluding Law Schools)
|d vLex Global (Academic Edition, Law Schools)
|
| 650 |
0 |
4 |
|a Derecho Penal
|z Colombia
|
| 700 |
1 |
|
|a Ariza Higuera, Libardo Još
|
| 700 |
1 |
|
|a Tamayo Arboleda, Fernando Len̤
|
| 740 |
0 |
|
|a vLex Libros (Servicio en ln̕ea)
|
| 856 |
4 |
0 |
|u https://app.vlex.com/#/sources/37400
|z Acceso restringido
|
| 942 |
|
|
|c BOOK
|
| 999 |
0 |
|
|a Criminal law
|